Visualizzazione normale
Vista MARC
- Dangrow Charles
di Personal Name
Records bibliografici associati: 1
001 - CONTROL NUMBER
- control field: 19581
003 - CONTROL NUMBER IDENTIFIER
- control field: IT-RoPau
005 - DATE AND TIME OF LATEST TRANSACTION
- control field: 20140408171627.0
008 - FIXED-LENGTH DATA ELEMENTS
- fixed length control field: 140408|| aca||aabn | a|a d
040 ## - CATALOGING SOURCE
- Original cataloging agency: IT-RoPau
- Transcribing agency: IT-RoPau
100 ## - HEADING--PERSONAL NAME
- Personal name: Dangrow Charles
- Relator term: Autore
- Miscellaneous information: Codice autore SPICS: 17314
670 ## - SOURCE DATA FOUND
- Source citation: Work cat.: (IT-RoPau)99003: Nazzari Antonietta 19577, Paese di pietra (Il)-Cassetta con 36 diapositive